| 000 | 003460000a22001570004500 | ||
|---|---|---|---|
| 003 | MACL | ||
| 040 | _aMACL | ||
| 090 |
_c1785 _d1785 |
||
| 100 | _aYadav, R.P. | ||
| 245 |
_aRight to Information _bHandbook |
||
| 260 |
_bAlfa Publications _c2006 |
||
| 350 | _a800 | ||
| 650 | _aCivil & Political | ||
| 942 |
_cBOOK _k323.445 |
||
| 951 | _o323.445 BOOK | ||
| 999 |
_c1772 _d1772 |
||